|
|
|
|
| LEADER |
01312nam a2200301 a 4500 |
| 001 |
0017069 |
| 003 |
BD-DhAAL |
| 008 |
090412s2008 caua b 001 0 eng d |
| 010 |
|
|
|a 2007048670
|
| 020 |
|
|
|a 9780761936732 (Hb)
|
| 020 |
|
|
|a 978178298399 (India-Hb)
|
| 040 |
|
|
|a DLC
|c DLC
|d DLC
|d BD-DhAAL
|
| 050 |
0 |
0 |
|a HE8343
|b .I28 2008
|
| 082 |
0 |
0 |
|a 384.6095
|2 22
|
| 245 |
0 |
0 |
|a ICT infrastructure in emerging Asia :
|b policy and regulatory roadblocks /
|c edited by Rohan Samarajiva, Ayesha Zainudeen.
|
| 260 |
|
|
|a Thousand Oaks, CA :
|b Sage Publications,
|c 2008.
|
| 300 |
|
|
|a 333 pages :
|b illustrations ;
|c 22 cm
|
| 504 |
|
|
|a Includes bibliographical references and index.
|
| 526 |
|
|
|a AAL
|x Kh. Ali Murtoza
Assistant Librarian
|
| 541 |
1 |
|
|e 0017069
|a Paragon Enterprises LTD.
|
| 650 |
|
0 |
|a Telecommunication policy
|z Asia.
|9 41364
|
| 650 |
|
0 |
|a Infrastructure (Economics)
|z Asia.
|9 41365
|
| 700 |
1 |
|
|a Samarajiva, Rohan.
|9 41366
|
| 700 |
1 |
|
|a Zainudeen, Ayesha.
|9 41367
|
| 852 |
4 |
|
|a Ayesha Abed Library
|c Generals Stacks
|
| 942 |
|
|
|2 ddc
|c BK
|
| 999 |
|
|
|c 153
|d 153
|
| 952 |
|
|
|0 0
|1 0
|2 ddc
|4 0
|6 384_609500000000000_ICT_2008
|7 0
|9 141
|a BRACUL
|b BRACUL
|c GEN
|d 2009-04-28
|e Paragon Enterprises LTD
|g 890.00
|l 4
|m 2
|o 384.6095 ICT
|p 3010017069
|r 2016-10-04
|s 2016-10-04
|t 1
|w 2009-04-28
|y BK
|x Requisitioned by Kh. Ali Murtoza (Assistant Librarian)
|